=LDR 00000nam 2200000 4500 =001 INLIS000000000042154 =005 20131008014936 =008 ***********************************Ind** =035 ##$$0010-101300000000076 =041 ##$$a Ind =082 ##$$a 392.095.981 3 =090 ##$$a 392.095.981 3, Dir m.4 =100 ##$$a Dirajo, I. Datuak Sangguno =245 ##$$a Mustika Adat Alam Minangkabau, I. Datuak Sangguno Dirajo =260 ##$$a 1979 $b Jakarta =300 ##$$a 556 hkm, 20 cm =850 ##$$a NBPNMAT =990 ##$$a 01190119 =990 ##$$a 01201900119 =990 ##$$a 01210121 =990 ##$$a 01201900121 =990 ##$$a 01201900119